| 000 | 00385nam a22001337a 4500 | ||
|---|---|---|---|
| 003 | SGT | ||
| 082 |
_a615.53 _bC00K |
||
| 100 | _aKUMAR,ABHIMANYU | ||
| 245 | _aCONSERVATION CULTIVATION AND EXPLORATION OF THE RAPEUTIC POTENTIAL OF MEDICINAL PLANTS | ||
| 260 |
_aDELHI _bMINISTRY OF HEALTH & FAMILY WELFARE. _cS.N |
||
| 300 | _a514 | ||
| 650 | _aAYURVEDA MEDICINAL PLANTS | ||
| 942 |
_2ddc _cBK |
||
| 999 |
_c8651 _d8651 |
||